NLSUI OPAC header image

Family wealth transactions wills, trusts, furture interests, and estate planning : Cases and materials (Record no. 2644)

MARC details
000 -LEADER
fixed length control field 00587nam a2200157Ia 4500
008 - FIXED-LENGTH DATA ELEMENTS--GENERAL INFORMATION
fixed length control field 160316s1974 xxu||||| |||| 00| 0 eng d
082 ## - DEWEY DECIMAL CLASSIFICATION NUMBER
Classification number 346.056026
Item number DUK
100 ## - MAIN ENTRY--PERSONAL NAME
Personal name Dukeminier Jesse
245 ## - TITLE STATEMENT
Title Family wealth transactions wills, trusts, furture interests, and estate planning : Cases and materials
250 ## - EDITION STATEMENT
Edition statement
260 ## - PUBLICATION, DISTRIBUTION, ETC.
Place of publication, distribution, etc. Toronto
Name of publisher, distributor, etc. Little,Brown & Co.
Date of publication, distribution, etc. 1974
300 ## - PHYSICAL DESCRIPTION
Extent 1140p
Other physical details 20 cm
Dimensions ixxiii
365 ## - TRADE PRICE
Price amount
650 ## - SUBJECT ADDED ENTRY--TOPICAL TERM
Topical term or geographic name entry element 1. Family wealth transactions wills<br/>2. Family wealth trusts <br/>3. Family wealth inheritance<br/>4. Family wealth Estate planning
700 ## - ADDED ENTRY--PERSONAL NAME
Personal name Johnson Stanely M
--
Holdings
Withdrawn status Lost status Damaged status Not for loan Home library Current library Shelving location Date acquired Total Checkouts Full call number Barcode Date last seen Price effective from Koha item type
        NLS NLS   30/05/2017   346.056026 DUK 2782 16/11/2021 30/05/2017 BOOKs